Fiberarts design book five

Bibliographic Details
Format: Book
Published: Asheville : Lark Books , 1995
Subjects:

MARC

LEADER 00000cam a2200000 7i4500
001 0000007340
002 000007893
005 20000330.0
020 |a 0937274860 
090 0 0 |a 746   |b FIB 
245 0 0 |a Fiberarts design book five 
260 |a Asheville :   |b Lark Books ,   |c 1995 
300 |a 240p. ;   |c 28cm. 
650 0 0 |a Textile crafts 
999 |a 051998   |b BUKU   |c PINJAMAN   |e PERPUSTAKAAN KOMUNITI PETALING JAYA